000 00427nam a2200181Ia 4500
001 3680
005 20260306145701.0
008 260306t2012||||xx |||||||||||||| ||spa||
041 _aESP
082 _a302
_bA72
100 _aArias Orduña, Ana Victoria
_eAUT
245 0 _aPsicología social aplicada
260 _c2012
300 _a403 páginas :
_c24 cm.
650 _aGEN
654 _aCPS
942 _cLIB
_dJUS
_fJUS
_2ddc
_n
999 _c3680
_d3680